|
|
|
|
| LEADER |
01290nam a22003734a 4500 |
| 001 |
EBC227437 |
| 003 |
MiAaPQ |
| 005 |
20200520144314.0 |
| 006 |
m o d | |
| 007 |
cr cn||||||||| |
| 008 |
041029s2005 njua s 001 0 eng |
| 010 |
|
|
|z 2004025808
|
| 020 |
|
|
|z 0471709875 (pbk.)
|
| 035 |
|
|
|a (MiAaPQ)EBC227437
|
| 035 |
|
|
|a (Au-PeEL)EBL227437
|
| 035 |
|
|
|a (CaPaEBR)ebr10114211
|
| 035 |
|
|
|a (CaONFJC)MIL25513
|
| 035 |
|
|
|a (OCoLC)228124471
|
| 040 |
|
|
|a MiAaPQ
|c MiAaPQ
|d MiAaPQ
|
| 050 |
|
4 |
|a HD2365
|b .D84 2005
|
| 082 |
0 |
4 |
|a 658.4/058
|2 22
|
| 100 |
1 |
|
|a Duening, Thomas N.
|
| 245 |
1 |
0 |
|a Essentials of business process outsourcing
|h [electronic resource] /
|c Thomas N. Duening, Rick L. Click.
|
| 260 |
|
|
|a Hoboken, N.J. :
|b John Wiley & Sons,
|c c2005.
|
| 300 |
|
|
|a x, 230 p. :
|b ill.
|
| 490 |
1 |
|
|a Essentials series
|
| 500 |
|
|
|a Includes index.
|
| 533 |
|
|
|a Electronic reproduction. Ann Arbor, MI : ProQuest, 2015. Available via World Wide Web. Access may be limited to ProQuest affiliated libraries.
|
| 650 |
|
0 |
|a Contracting out.
|
| 655 |
|
4 |
|a Electronic books.
|
| 700 |
1 |
|
|a Click, Rick L.
|
| 710 |
2 |
|
|a ProQuest (Firm)
|
| 830 |
|
0 |
|a Essentials series.
|
| 856 |
4 |
0 |
|u https://ebookcentral.proquest.com/lib/matrademy/detail.action?docID=227437
|z Click to View
|